The Book of knowledge; (Record no. 6478)
[ view plain ]
| 000 -LEADER | |
|---|---|
| fixed length control field | 00674cam a2200205u 4500 |
| 001 - CONTROL NUMBER | |
| control field | 10169952 |
| 003 - CONTROL NUMBER IDENTIFIER | |
| control field | OSt |
| 005 - DATE AND TIME OF LATEST TRANSACTION | |
| control field | 20250901165610.0 |
| 008 - FIXED-LENGTH DATA ELEMENTS--GENERAL INFORMATION | |
| fixed length control field | 810624s1935 oncaf 000 0 eng |
| 010 ## - LIBRARY OF CONGRESS CONTROL NUMBER | |
| LC control number | 35013062 |
| 040 ## - CATALOGING SOURCE | |
| Original cataloging agency | DLC |
| Transcribing agency | CarP |
| Modifying agency | DLC |
| 050 00 - LIBRARY OF CONGRESS CALL NUMBER | |
| Classification number | AG5 .M4 1935 |
| Item number | .M4 1935 |
| 245 04 - TITLE STATEMENT | |
| Title | The Book of knowledge; |
| 260 ## - PUBLICATION, DISTRIBUTION, ETC. | |
| Place of publication, distribution, etc. | Toronto, |
| Name of publisher, distributor, etc. | The Grolier society limited; |
| Date of publication, distribution, etc. | [c1935] |
| 300 ## - PHYSICAL DESCRIPTION | |
| Extent | 20 v. |
| Other physical details | fronts. (v. 1, 3, 8, 13, 16, 18) illus. (part col.) plates (part col., 1 double) diagr. |
| Dimensions | 25 cm. |
| 650 #0 - SUBJECT ADDED ENTRY--TOPICAL TERM | |
| Topical term or geographic name entry element | Encyclopedias and dictionaries. |
| 700 1# - ADDED ENTRY--PERSONAL NAME | |
| Personal name | Mee, Arthur, |
| Dates associated with a name | 1875-1943, |
| Relator term | joint ed. |
| 906 ## - LOCAL DATA ELEMENT F, LDF (RLIN) | |
| a | 0 |
| b | cbc |
| c | premunv |
| d | u |
| e | ncip |
| f | 19 |
| g | y-gencatlg |
| 942 ## - ADDED ENTRY ELEMENTS (KOHA) | |
| Source of classification or shelving scheme | Dewey Decimal Classification |
| Koha item type | Books |
| Withdrawn status | Lost status | Source of classification or shelving scheme | Damaged status | Not for loan | Home library | Current library | Shelving location | Date acquired | Total checkouts | Full call number | Barcode | Date last seen | Price effective from | Koha item type |
|---|---|---|---|---|---|---|---|---|---|---|---|---|---|---|
| Library of Congress Classification | Main Library | Main Library | 02/14/2024 | AG5 .M4 1935 | PIU0010956 | 02/14/2024 | 02/14/2024 | Books |